| 000 | 00746cam a2200193 i 4500 | ||
|---|---|---|---|
| 005 | 20260202110001.0 | ||
| 008 | 250721s2008 jo gr 000 0 ara d | ||
| 082 | 1 | 4 |
_a370.193 _bع ي س |
| 100 | 1 |
_aعيسى، حسن موسى _eمؤلف. |
|
| 245 | 1 | 2 |
_aالممارسات التربوية الأسرية وأثرها في زيادة التحصيل الدراسي في المرحلة الأساسية / _cد. حسن موسى عيسى. |
| 250 | _aالطبعة الأولى. | ||
| 264 | 3 | 1 |
_aعمان : _bدار الخليج للنشر والتوزيع، _c2008. |
| 300 | _a157 صفحة. | ||
| 650 | 1 | 7 | _aالتربية. |
| 650 | 1 | 7 | _aالتعلم. |
| 650 | 1 | 7 | _aالاسرة. |
| 942 |
_2ddc _cBK |
||
| 999 |
_c110459 _d110459 |
||